000 00423nam a22001817a 4500
003 OSt
005 20240401094234.0
008 180521b xxu||||| |||| 00| 0 eng d
020 _a978-9327296075
040 _cIIMT UNIVERSITY MEERUT
100 _aSINGH B D
245 _aFUNDAMENTAL OF GENETICS
250 _a4ED
260 _aNEW DELHI
_bKALYANI
_c2016
300 _b719
856 _3PAPERBACK
942 _2ddc
_c01
999 _c44208
_d44208